| 000 -LEADER |
| fixed length control field |
02037cam a2200505 i 4500 |
| 001 - CONTROL NUMBER |
| control field |
.b30722172 |
| 003 - CONTROL NUMBER IDENTIFIER |
| control field |
OSt |
| 005 - DATE AND TIME OF LATEST TRANSACTION |
| control field |
20241210104734.0 |
| 008 - FIXED-LENGTH DATA ELEMENTS--GENERAL INFORMATION |
| fixed length control field |
220704t20071993enka c 001 0 eng d |
| 020 ## - INTERNATIONAL STANDARD BOOK NUMBER |
| International Standard Book Number |
9780439944038 |
| Qualifying information |
(paperback) |
| 035 ## - SYSTEM CONTROL NUMBER |
| System control number |
(OCoLC)973598639 |
| 040 ## - CATALOGING SOURCE |
| Original cataloging agency |
NZAUC |
| Language of cataloging |
eng |
| Transcribing agency |
NZAUC |
| Modifying agency |
OCLCO |
| -- |
OCLCQ |
| -- |
NZRPM |
| -- |
OCLCF |
| -- |
NZHSD |
| -- |
BRL |
| -- |
AUPTL |
| -- |
NZAUC |
| -- |
OCLCO |
| -- |
RDI |
| -- |
KH8 |
| 042 ## - AUTHENTICATION CODE |
| Authentication code |
nbic |
| 043 ## - GEOGRAPHIC AREA CODE |
| Geographic area code |
f-ua--- |
| 050 #4 - LIBRARY OF CONGRESS CALL NUMBER |
| Classification number |
DT61 |
| Item number |
.D43 2007 |
| 082 04 - DEWEY DECIMAL CLASSIFICATION NUMBER |
| Classification number |
932.01 DEA |
| Edition number |
22 |
| 100 1# - MAIN ENTRY--PERSONAL NAME |
| Personal name |
Deary, Terry, |
| Relator term |
author. |
| 245 10 - TITLE STATEMENT |
| Title |
Awesome Egyptians / |
| Statement of responsibility, etc. |
Terry Deary & Peter Hepplewhite ; illustrated by Martin Brown. |
| 264 #1 - PRODUCTION, PUBLICATION, DISTRIBUTION, MANUFACTURE, AND COPYRIGHT NOTICE |
| Place of production, publication, distribution, manufacture |
London : |
| Name of producer, publisher, distributor, manufacturer |
Scholastic, |
| Date of production, publication, distribution, manufacture, or copyright notice |
2007. |
| 300 ## - PHYSICAL DESCRIPTION |
| Extent |
140 pages : |
| Other physical details |
illustrations ; |
| Dimensions |
20 cm. |
| 336 ## - CONTENT TYPE |
| Content type term |
text |
| Content type code |
txt |
| Source |
rdacontent. |
| 336 ## - CONTENT TYPE |
| Content type term |
still image |
| Content type code |
sti |
| Source |
rdacontent. |
| 337 ## - MEDIA TYPE |
| Media type term |
unmediated |
| Media type code |
n |
| Source |
rdamedia. |
| 338 ## - CARRIER TYPE |
| Carrier type term |
volume |
| Carrier type code |
nc |
| Source |
rdacarrier. |
| 490 1# - SERIES STATEMENT |
| Series statement |
Horrible histories. |
| 500 ## - GENERAL NOTE |
| General note |
Previous edition: London: Scholastic Children's, 1993. |
| 500 ## - GENERAL NOTE |
| General note |
Includes index. |
| 520 ## - SUMMARY, ETC. |
| Summary, etc. |
"History with the nasty bits left in. Awful information about phabulous Pharoahs, mean mummies, revolting recipes for 3000 year old sweets, and more. History has never been so horrible!"--Publisher's description. |
| 521 8# - TARGET AUDIENCE NOTE |
| Target audience note |
820L |
| Source |
Lexile. |
| 521 1# - TARGET AUDIENCE NOTE |
| Target audience note |
Ages 9+ |
| 648 #7 - SUBJECT ADDED ENTRY--CHRONOLOGICAL TERM |
| Chronological term |
To 332 B.C. |
| Source of heading or term |
fast. |
| 650 #7 - SUBJECT ADDED ENTRY--TOPICAL TERM |
| Topical term or geographic name entry element |
Civilization. |
| Source of heading or term |
fast |
| Authority record control number or standard number |
(OCoLC)fst00862898. |
| 650 #7 - SUBJECT ADDED ENTRY--TOPICAL TERM |
| Topical term or geographic name entry element |
Manners and customs. |
| Source of heading or term |
fast |
| Authority record control number or standard number |
(OCoLC)fst01007815. |
| 651 #0 - SUBJECT ADDED ENTRY--GEOGRAPHIC NAME |
| Geographic name |
Egypt |
| General subdivision |
History |
| Chronological subdivision |
To 332 B.C. |
| Form subdivision |
Children's nonfiction. |
| 651 #0 - SUBJECT ADDED ENTRY--GEOGRAPHIC NAME |
| Geographic name |
Egypt |
| General subdivision |
Social life and customs |
| Chronological subdivision |
To 332 B.C. |
| Form subdivision |
Children's nonfiction. |
| 651 #0 - SUBJECT ADDED ENTRY--GEOGRAPHIC NAME |
| Geographic name |
Egypt |
| General subdivision |
Civilization |
| Chronological subdivision |
To 332 B.C. |
| Form subdivision |
Children's nonfiction. |
| 651 #7 - SUBJECT ADDED ENTRY--GEOGRAPHIC NAME |
| Geographic name |
Egypt. |
| Source of heading or term |
fast |
| Authority record control number or standard number |
(OCoLC)fst01208755. |
| 655 #4 - INDEX TERM--GENRE/FORM |
| Genre/form data or focus term |
Children's nonfiction. |
| Institution to which field applies |
NZ-WeK. |
| 655 #7 - INDEX TERM--GENRE/FORM |
| Genre/form data or focus term |
History. |
| Source of term |
fast |
| Authority record control number or standard number |
(OCoLC)fst01411628. |
| 655 #0 - INDEX TERM--GENRE/FORM |
| Genre/form data or focus term |
Wit and humor, Children's. |
| 700 1# - ADDED ENTRY--PERSONAL NAME |
| Personal name |
Hepplewhite, Peter, |
| Relator term |
author. |
| 700 1# - ADDED ENTRY--PERSONAL NAME |
| Personal name |
Brown, Martin, |
| Dates associated with a name |
1959-, |
| Relator term |
illustrator. |
| 800 1# - SERIES ADDED ENTRY--PERSONAL NAME |
| Personal name |
Deary, Terry. |
| Title of a work |
Horrible histories. |
| 942 ## - ADDED ENTRY ELEMENTS (KOHA) |
| Source of classification or shelving scheme |
|
| Koha item type |
Books - Non Ficton |